Statistics for Parts of a computer

Click here to take the quiz!

General Stats

  • This quiz has been taken 1,264 times
  • The average score is 4 of 6

Answer Stats

HintAnswer% Correct
HDRA ERVDIHARD DRIVE
99%
PREOW SLPUYPPOWER SUPPLY
76%
SRAICPGH CDRAGRAPHICS CARD
66%
MRDOAN SECASC YRMOMERANDOM ACCESS MEMORY
59%
EHTA NKSIHEAT SINK
52%
ECCHA MMRYEOCACHE MEMORY
45%

Score Distribution

Percentile by Number Answered

Percent of People with Each Score

Your Score History

You have not taken this quiz